Scientific names of animals - Statistics

General Stats
  • This quiz has been taken 57 times
  • The average score is 10 of 17
Answer Stats
Hint Answer % Correct
Panthera tigris Tiger
93%
Canis lupus Wolf
90%
Felis catus Domestic Cat
88%
Ursus maritimus Polar Bear
85%
Salmo salar Salmon
85%
Mandrillus sphinx Mandrill
83%
Pan troglodytes Chimpanzee
73%
Bos taurus Cattle
68%
Rangifer tarandus Reindeer
53%
Mus musculus House Mouse
50%
Acinonyx jubatus Cheetah
43%
Dromaius novaehollandiae Emu
38%
Bubo scandiacus Snowy Owl
35%
Ophiophagus hannah King Cobra
33%
Hydrochoerus hydrochaeris Capybara
30%
Oryctolagus cuniculus European Rabbit
30%
Carassius auratus Goldfish
30%
No matching quizzes found
Score Distribution
Percent of People with Each Score
Percentile by Number Answered
Your Score History
You have not taken this quiz